Central Library OPAC University of Rajshahi

زاد المعاد في هدي خير العباد ;; Zād al-maʻād fī hady khayr al-ʻibād / (Record no. 78034)

MARC details
000 -LEADER
fixed length control field 01371cam a22003015i 4500
001 - CONTROL NUMBER
control field 78034
003 - CONTROL NUMBER IDENTIFIER
rucl marc code BD-RjUL
005 - DATE AND TIME OF LATEST TRANSACTION
control field 20211209083100.0
008 - FIXED-LENGTH DATA ELEMENTS--GENERAL INFORMATION
fixed length control field 210309s1950 su a b 001 0 ara
035 ## - SYSTEM CONTROL NUMBER
System control number (BD-RjUL)78260
037 ## - SOURCE OF ACQUISITION
Terms of availability 250.00 SAR
040 ## - CATALOGING SOURCE
Original cataloging agency DLC
Language of cataloging eng
Description conventions rda
Transcribing agency DLC
041 ## - LANGUAGE CODE
Language code of text/sound track or separate title ara
042 ## - AUTHENTICATION CODE
Authentication code pcc
-- lcode
066 ## - CHARACTER SETS PRESENT
Alternate G0 or G1 character set (3
082 ## - DEWEY DECIMAL CLASSIFICATION NUMBER
Edition number 23
Classification number 297
Author mark and year IBZ 1950
100 1# - MAIN ENTRY--PERSONAL NAME
Personal name ‏ابن قيم الجوزية، محمد بن أبي بكر. ;; Ibn Qayyim al-Jawzīyah, Muḥammad ibn Abī Bakr,
Dates associated with a name 1292-1350.
9 (RLIN) 245721
245 10 - TITLE STATEMENT
Title زاد المعاد في هدي خير العباد ;; Zād al-maʻād fī hady khayr al-ʻibād /
Statement of responsibility, etc. أبي عبد الله محمد بن أبي بكر بن أيوب ابن قيم الجوزية ;; Abī ʻAbd Allāh Muḥammad ibn Abī Bakr ibn Ayyūb ibn Qayyim al-Jawzīyah ;
250 ## - EDITION STATEMENT
Edition statement al-Ṭabʻah al-thānīyah.
Edition statement الطبعة الثانية.
264 #1 - PRODUCTION, PUBLICATION, DISTRIBUTION, MANUFACTURE, AND COPYRIGHT NOTICE
Place of production, publication, distribution, manufacture al-Riyāḍ :
Name of producer, publisher, distributor, manufacturer Muʼassasat Sulaymān ibn ʻAbd al-ʻAzīz al-Rājiḥī al-Khayrīyah,
Date of production, publication, distribution, manufacture, or copyright notice 2019.
300 ## - PHYSICAL DESCRIPTION
Pagination v. ;
Illustrations illustrations ;
Size 25 cm
490 0# - SERIES STATEMENT
Series statement Athār al-Imām ibn Qayyim al-Jawziyah wa-mā laḥiqahā min aʻmāl ;
Volume/sequential designation 30
504 ## - BIBLIOGRAPHY, ETC. NOTE
Bibliography, etc Includes bibliographical references and indexes.
520 ## - SUMMARY, ETC.
Summary, etc. Islam; customs and practices; rituals; early works to 1800.
650 ## - SUBJECT ADDED ENTRY--TOPICAL TERM
Topical term or geographic name as entry element Islam
Form subdivision Customs and practices
9 (RLIN) 245722
942 ## - ADDED ENTRY ELEMENTS (KOHA)
Source of classification or shelving scheme Dewey Decimal Classification
Koha item type Books
Holdings
Lost status Source of classification or shelving scheme Damaged status Not for loan Collection code Permanent Location Current Location Shelving location Date acquired Source of acquisition Cost, normal purchase price Total Checkouts Full call number Date last seen Copy number Koha item type
  Dewey Decimal Classification   Not For Loan Non-fiction Central Library, University of Rajshahi Central Library, University of Rajshahi Reading Room 02/05/1967 Maktabatul Arabiah , Dhaka 40.00   A 297 IBZ V-3 1950 09/03/2021 C-1 Books
  Dewey Decimal Classification   Not For Loan Non-fiction Central Library, University of Rajshahi Central Library, University of Rajshahi Reading Room 02/05/1967 Maktabatul Arabiah , Dhaka 40.00   A 297 IBZ V-1 1950 15/03/2021 C-1 Books
  Dewey Decimal Classification   Not For Loan Non-fiction Central Library, University of Rajshahi Central Library, University of Rajshahi Reading Room 22/12/1980 Abdus Salam 300.00   A 297 IBZ V-2 1950 17/01/2023 C-1 Books